| 000 | 01380nam a2200229Ia 4500 | ||
|---|---|---|---|
| 999 |
_c36156 _d36156 |
||
| 001 | 2058 | ||
| 003 | GE_BSU | ||
| 005 | 20190515195836.0 | ||
| 008 | 181216s1979||||ge |||||||||||||| ||geo|| | ||
| 040 | _cGE_BSU | ||
| 041 | _ageo | ||
| 080 | _a821.353.109 რ–93 | ||
| 245 |
_aრუსთველოლოგიური რჩეული ლიტერატურა : _bკრ. 1; სტატიების კრებული / _cშეადგინა, გამოსაცემად მოამზადა, წინასიტყვ. შენიშვნები და კომენტ. დაურთო ი. მეგრელიძემ; საქ. სსრ მეცნ. აკადემია. შ. რუსთაველის სახ. ქართ. ლიტ-რის ისტ. ინ-ტი. |
||
| 264 |
_a თბილისი : _bმეცნიერება, _c1979 |
||
| 300 |
_a155 გვ.; _b20 სმ. |
||
| 504 | _a საკუთარ სახელთა საძიებლები: გვ. 152-154. | ||
| 541 | _h6 ლ. | ||
| 653 | _aრუსთველოლოგია | ||
| 653 | _aრუსთაველი შოთა და მისი "ვეფხისტყაოსანი" | ||
| 700 |
_aმეგრელიძე, ი. _eშემდგენელი _91203 |
||
| 942 |
_cBK _2udc |
||